[Event "Thessaloniki White Tower op-C 41th"]
[Site "Thessaloniki"]
[Date "2019.01.06"]
[Round "4.21"]
[White "Zanis, Pandeleimon"]
[Black "Strimbas, Georgios"]
[Result "1-0"]
[WhiteElo "1058"]
[BlackElo "1000"]
[PlyCount "73"]
[EventDate "2019.01.02"]
[EventType "swiss"]
[EventRounds "6"]
[EventCountry "GRE"]
[SourceTitle "EXT 2024"]
[Source "ChessBase"]
[SourceDate "2023.10.10"]
[SourceVersion "1"]
[SourceVersionDate "2023.10.10"]
[SourceQuality "1"]

1. e4 c5 2. Nc3 d6 3. Nf3 Nc6 4. Bc4 Bg4 5. h3 Bd7 6. d3 e5 7. Nd5 Nf6 8. Bg5 Be7 9. Bxf6 Bxf6 10. 0-0 0-0 11. Qe2 a6 12. a4 Na5 13. Nd2 Be6 14. Nxf6+ Qxf6 15. Ba2 b5 16. axb5 Bxa2 17. Rxa2 axb5 18. Rfa1 Qd8 19. Qe1 Qc7 20. Nf1 Ra7 21. Rxa5 Rfa8 22. Rxa7 Rxa7 23. Rxa7 Qxa7 24. Ne3 Qa2 25. Qc1 c4 26. Kh2 cxd3 27. cxd3 f6 28. Nf5 Qb3 29. Qc7 Qf7 30. Qxf7+ Kxf7 31. Nxd6+ Ke6 32. Nxb5 f5 33. exf5+ Kxf5 34. Nd6+ Kf6 35. b4 Ke6 36. Nc4 Kd5 37. b5 1-0

[Event "Thessaloniki White Tower op-C 41th"]
[Site "Thessaloniki"]
[Date "2019.01.02"]
[Round "1.41"]
[White "Strimbas, Georgios"]
[Black "Paloukidis, Anestis"]
[Result "1-0"]
[WhiteElo "1000"]
[BlackElo "1029"]
[PlyCount "91"]
[EventDate "2019.01.02"]
[EventType "swiss"]
[EventRounds "6"]
[EventCountry "GRE"]
[SourceTitle "EXT 2024"]
[Source "ChessBase"]
[SourceDate "2023.10.10"]
[SourceVersion "1"]
[SourceVersionDate "2023.10.10"]
[SourceQuality "1"]

1. Nf3 d5 2. d4 Nc6 3. e3 Bf5 4. c4 e6 5. cxd5 exd5 6. Nc3 Bb4 7. Bd2 Nge7 8. a3 Ba5 9. Be2 Qd7 10. 0-0 0-0-0 11. b4 Bb6 12. b5 Na5 13. Na4 Qe6 14. Bxa5 Bxa5 15. Bd3 Bg4 16. h3 Bf5 17. Re1 Bxe1 18. Qxe1 Bxd3 19. Nc5 Qf5 20. Nxd3 Qxd3 21. Qb1 Qc4 22. Ne5 Qe2 23. Nxf7 Rhf8 24. Ra2 Qc4 25. Nxd8 Rxd8 26. Rc2 Qd3 27. Rxc7+ Kxc7 28. Qxd3 h6 29. e4 h5 30. Qg3+ Kd7 31. exd5 Nxd5 32. Qxg7+ Ne7 33. d5 Rg8 34. Qh7 Kd6 35. Qxh5 Nxd5 36. g3 Nf6 37. Qf7 Ke5 38. f4+ Kf5 39. g4+ Kxf4 40. Qxf6+ Kg3 41. Qf2+ Kxh3 42. Qg2+ Kh4 43. Qf2+ Kg5 44. Qd2+ Kh4 45. Kh2 Rxg4 46. Qh6# 1-0